Cultura General de España #2 - Estadísticas

Estadísticas generales
  • Esta prueba ha sido intentada 12.830 veces
  • La puntuación promedio es 9 de 20
Estadísticas de respuestas
Pregunta Respuesta % Correcto
¿Cuál es el estadio del F. C. Barcelona? Camp Nou
94%
¿En qué ciudad se encuentra el acueducto más impresionante y popular de España? Segovia
83%
¿En qué año se celebraron los Juego Olímpicos en Barcelona? 1992
70%
¿Qué palabra, de origen vasco, significa una bebida de cola con vino tinto? Calimocho
65%
¿Quién es la única actriz española en ganar un Premio Óscar? Penélope Cruz
64%
¿La víspera de qué santo se caracteriza por hogueros? San Juan Bautista
60%
En la serie La casa de papel, ¿los protagonistas llevan caretas de quién? Salvador Dalí
57%
¿Qué se llama coloquialmente oro líquido? Aceite de oliva
50%
¿Qué adjetivo (o adverbio) coloquial, de 4 letras, significa "muy bueno, estupendo"? Guay
48%
¿Quién es el único actor español en ganar un Premio Óscar? Javier Bardem
47%
¿Qué ciudad es la cuna de Franco? Ferrol
39%
¿Quién cumplió la primera circunnavegación de la Tierra? Juan Sebastián Elcano
37%
¿Qué isla se juntó a las Canarias como "la octava isla"? La Graciosa
36%
¿Qué cantante también jugó como portero en las categorías inferiores del Real Madrid? Julio Iglesias
33%
¿Cómo se llama la región litoral mediterránea al sur de Málaga? Costa del Sol
32%
¿Qué escritor ganó un Premio Nobel y ayudó a revisar la Constitución Española? Camilo José Cela
14%
¿Cuál es la marca más popular de Hijos de Rivera? Estrella Galicia
11%
¿Quién tiene los apellidos Vila i Tobella? Rosalía
9%
Según el Libro Guinness de los récords, ¿cuál es el restaurante más antiguo del mundo? Sobrino de Botín
7%
¿Qué forman los tres museos en el Paseo del Prado? Triángulo del Arte
6%
No se encontraron pruebas coincidentes
Distribución de puntuación
Porcentaje de gente con cada puntuación
Porcentaje por número respondido
Historial de tus puntuaciones
No has intentado esta prueba.